000 02415nam a2200241Ia 4500
000 03951naaa 00793uu
001 https://directory.doabooks.org/handle/20.500.12854/50784
005 20260218105758.0
008 211013s9999 xx 000 0 und d
020 _a9783039210084
024 _a10.3390/books978-3-03921-009-1
042 _adc
245 0 _aJapanese Media Cultures in Japan and Abroad: Transnational Consumption of Manga, Anime, and Media-Mixes
260 _bMDPI - Multidisciplinary Digital Publishing Institute
_c2019
300 _a1 electronic resource (162 p.)
520 _aIn the last few decades, Japanese popular culture productions have been consolidated as one of the most influential and profitable global industries. As a creative industry, Japanese Media-Mixes generate multimillion-dollar revenues, being a product of international synergies and the natural appeal of the characters and stories. The transnationalization of investment capital, diversification of themes and (sub)genres, underlying threat in the proliferation of illegal audiences, development of internet streaming technologies, and other new transformations in media-mix-based production models make the study of these products even more relevant today. In this way, manga (Japanese comics), anime (Japanese animation), and video games are not necessarily products designed for the national market. More than ever, it is necessary to reconcile national and transnational positions for the study of this cultural production.The present volume includes contributions aligned to the analysis of Japanese popular culture flow from many perspectives (cultural studies, film, comic studies, sociology, etc.), although we have emphasized the relationships between manga, anime, and international audiences. The selected works include the following topics:'s 2022; Studies on audiences's 2014;national and transnational case studies;'s 2022; Fandom production and Otaku culture;'s 2022; Cross-media and transmedia perspectives;'s 2022; Theoretical perspectives on manga, anime, and media-mixes.
540 _aCreative Commons
653 _atransnational
700 1 _aHernandez-Perez, Manuel
856 _uhttps://docs.google.com/spreadsheets/d/1yKIrdCPDAG_9c22mwoOIO2DOhtj65Wqa/edit?usp=sharing&ouid=106555315294820607512&rtpof=true&sd=true
_yList of Curated E-Books
942 _cE-BOOK
999 _c48894
_d48894